Zlodeji ukradli z Ľubovnianskeho hradu lešenárske rúry aj svietidlá

Bibliographic Details
Main Author: Juriš, Robert (Author)
Format: Article
Language:Slovak
Subjects:

MARC

LEADER 00000nab a2200000 a 4500
001 vtls001029010
003 SK-MaSNL
005 20260304010957.0
008 040720e20010627xo 0 slo
035 |a SL7564 
040 |a SLLK  |b slo  |c SLLK  |e AACR2 
041 0 |a slo 
044 |a xo  |c SK 
080 |a 343.711  |2 1981 
100 1 |a Juriš, Robert  |4 aut  |9 275933 
245 1 0 |a Zlodeji ukradli z Ľubovnianskeho hradu lešenárske rúry aj svietidlá 
610 2 7 |a Ľubovniansky hrad (Stará Ľubovňa, Slovensko)  |2 SLLK  |9 102635 
610 2 7 |a Ľubovnianske múzeum (Stará Ľubovňa, Slovensko)  |2 SLLK  |9 33159 
650 0 7 |a trestné činy  |2 SLLK  |9 2181 
650 0 7 |a krádeže  |2 SLLK  |9 2230 
650 0 7 |a škody  |2 SLLK  |9 276699 
651 7 |a Stará Ľubovňa (Slovensko)  |2 snkbucl  |9 19193 
773 0 8 |t Tatranský denník  |g Roč. 3, č.147, 27.6.2001, s. 1 
852 |a ZVYKNI  |b KIS3GCP 
999 |c 2563919  |d 2565849